[Event "Velika Gorica op 4th"]
[Site "Velika Gorica"]
[Date "2004.08.21"]
[Round "1"]
[White "Devcic, Darko"]
[Black "Kruljac, Petra"]
[Result "1-0"]
[WhiteElo "2216"]
[BlackElo "1910"]
[PlyCount "102"]
[EventDate "2004.08.21"]
[EventType "swiss"]
[EventRounds "9"]
[EventCountry "CRO"]
[SourceTitle "EXT 2005"]
[Source "ChessBase"]
[SourceDate "2004.11.15"]
[SourceVersion "1"]
[SourceVersionDate "2004.11.15"]
[SourceQuality "1"]

1. d4 d5 2. c4 c6 3. Nf3 Nf6 4. Nc3 a6 5. cxd5 cxd5 6. Bf4 Nc6 7. Rc1 e6 8. e3 Bd6 9. Bg3 0-0 10. Bd3 Qe7 11. a3 e5 12. dxe5 Nxe5 13. Be2 Rd8 14. Nd4 Ng6 15. b4 Be6 16. 0-0 Bxg3 17. hxg3 Ne5 18. Na4 Bg4 19. f3 Bh5 20. Nf5 Qe8 21. Nb6 Rab8 22. Rc7 Qe6 23. Ne7+ Kh8 24. Qd4 Ned7 25. Nxd7 Nxd7 26. Nxd5 Nf6 27. Nf4 Rxd4 28. Nxe6 Rd2 29. Nf4 g5 30. Nxh5 Nxh5 31. Rf2 Nxg3 32. Bc4 Rd1+ 33. Kh2 Nf5 34. e4 Nh6 35. Bxf7 Nxf7 36. Rxf7 Kg8 37. Rf5 h6 38. Rc2 Rbd8 39. Rc7 R1d7 40. Rfc5 Kf7 41. Kg3 Kg6 42. a4 h5 43. b5 axb5 44. axb5 Kf6 45. b6 Kg6 46. Rxd7 Rxd7 47. Rc7 Kh7 48. Kh2 Rg7 49. Rxg7+ Kxg7 50. Kh3 Kf6 51. Kg3 Ke6 1-0

[Event "Bosnjaci op 9th"]
[Site "Bosnjaci"]
[Date "2003.01.04"]
[Round "3"]
[White "Loncar, Robert"]
[Black "Devcic, Darko"]
[Result "0-1"]
[WhiteElo "2439"]
[BlackElo "2212"]
[PlyCount "105"]
[EventDate "2003.01.03"]
[EventType "swiss"]
[EventRounds "7"]
[EventCountry "CRO"]
[SourceTitle "EXT 2004"]
[Source "ChessBase"]
[SourceDate "2003.11.25"]
[SourceVersion "1"]
[SourceVersionDate "2003.11.25"]
[SourceQuality "1"]

1. d4 Nf6 2. Nf3 g6 3. Nc3 d5 4. Bf4 Bg7 5. e3 Bg4 6. Be2 Bxf3 7. Bxf3 c6 8. 0-0 0-0 9. b4 Nbd7 10. Na4 Re8 11. Nc5 Qc8 12. Nd3 Nb6 13. c3 Nfd7 14. Nb2 e5 15. Bg3 Qd8 16. Qb3 h5 17. h3 Qe7 18. Rad1 Rad8 19. a4 Nf8 20. a5 Nc8 21. dxe5 Bxe5 22. Bxe5 Qxe5 23. c4 dxc4 24. Nxc4 Qe6 25. Qc3 Nh7 26. h4 Ne7 27. g3 Nf6 28. Na3 a6 29. Nc2 Ne4 30. Bxe4 Qxe4 31. Qc5 Nf5 32. Nd4 Rd5 33. Nxf5 Rxc5 34. Nd6 Qxb4 35. Nxe8 Qxa5 36. Rd7 Kf8 37. Nd6 Qd2 38. Rd8+ Ke7 39. Re8+ Kd7 40. Ne4 Qc2 41. Nf6+ Kc7 42. Re7+ Kd6 43. Rxb7 Rf5 44. Ne8+ Kc5 45. Nc7 a5 46. Na6+ Kd6 47. e4 Rf3 48. Nb8 a4 49. Rd7+ Ke6 50. Rdd1 Rxf2 51. Rxf2 Qxd1+ 52. Kg2 a3 53. Nxc6 0-1

[Event "Velika Gorica op 3rd"]
[Site "Velika Gorica"]
[Date "2003.??.??"]
[Round "6"]
[White "Novak, Ksenija"]
[Black "Devcic, Darko"]
[Result "1-0"]
[WhiteElo "2126"]
[BlackElo "2212"]
[PlyCount "99"]
[EventDate "2003.08.??"]
[EventType "swiss"]
[EventRounds "9"]
[EventCountry "CRO"]
[SourceTitle "EXT 2005"]
[Source "ChessBase"]
[SourceDate "2004.11.15"]
[SourceVersion "1"]
[SourceVersionDate "2004.11.15"]
[SourceQuality "1"]

1. e4 c5 2. Nf3 e6 3. d4 cxd4 4. Nxd4 a6 5. c4 Nf6 6. Nc3 Qc7 7. Bd3 Nc6 8. Nde2 Ne5 9. b3 Bc5 10. h3 b6 11. f4 Ng6 12. e5 Nh4 13. exf6 Nxg2+ 14. Kf1 Bb7 15. Ne4 gxf6 16. Kxg2 f5 17. Qc2 fxe4 18. Bxe4 f5 19. Bxb7 Qxb7+ 20. Kh2 Rg8 21. Ng1 0-0-0 22. Qe2 Rg6 23. Nf3 Rdg8 24. Bd2 Qe4 25. Rae1 Rg2+ 26. Qxg2 Rxg2+ 27. Kxg2 Qc2 28. b4 Bd6 29. Kg3 Kb7 30. c5 Bc7 31. cxb6 Bxb6 32. Be3 Bc7 33. Rh2 Qc3 34. Rd2 Qg7+ 35. Kh2 h5 36. Red1 h4 37. Nxh4 Qh6 38. Ng2 d6 39. a4 Qh5 40. b5 e5 41. bxa6+ Kxa6 42. Rxd6+ Bxd6 43. Rxd6+ Ka5 44. fxe5 Qe8 45. e6 Qe7 46. Bc5 Qe8 47. e7 Qb8 48. h4 Kxa4 49. Kh3 Qb3+ 50. Ne3 1-0